LEADER 01128nam a2200265 i 4500 001 000000067513 003 CaOOAMICUS 005 20090731000000.0 008 090731s1962 it u000 u ita u 013 $a38685 040 $aSeMil$bita 100 1 $aJungmann, Josef Andreas .$0(OLS)http://semarc/name/89616 240 10$aLiturgisches Erbe und pastorale Gegenwart.$0(OLS)http://semarc/title/107581 245 10$aEreditą liturgica e attualitą pastorale /$cJ. A. Jungmann. 260 $aRoma :$bPaoline,$c1962. 300 $a651 p. ;$c19 cm. 490 0 $aBiblioteca di cultura religiosa 650 4$aLiturgia - Storia.$0(OLS)http://semarc/subject/926 650 4$aChiesa cattolica - Liturgia.$0(OLS)http://semarc/subject/2762 830 0$aBiblioteca di cultura religiosa.$0(OLS)http://semarc/title/85 850 $aSeMil 852 $aSeMil$W1$xVenegono$y1$m2B I 298$j33666$B33666$CSeMilBibl$Z2$F33669 $81 961 $aOmaggio: Donazione 996 $6245$aEreditą liturgica e attualitą pastorale$9(OLS)http://semarc/title/107580 996 $6260$aRoma :$bPaoline$9(OLS)http://semarc/publisher/29686 LEADER 01366nam a2200313 i 4500 001 000000125381 003 CaOOAMICUS 005 20251224120953.0 008 051207s1997 it u000 u ita u 013 $a98082 020 $a88-220-6195-0 040 $aSeMil$bita 245 13$aLa democrazia diretta :$bun progetto politico per la societą di giustizia /$ca cura di Salvatore Schiavone ; scritti di S. Cataldi ... [et al.]. 260 $aBari :$bDedalo,$ccopyr. 1997. 300 $a369 p. ;$c21 cm. 490 0 $aNuova biblioteca Dedalo ;$v195. 650 4$aDemocrazia rappresentativa.$0(OLS)http://semarc/subject/24376 650 4$aDemocrazia - Storia.$0(OLS)http://semarc/subject/5060 700 1 $aCataldi, S.$0(OLS)http://semarc/name/52095 700 1 $aSchiavone, Salvatore.$0(OLS)http://semarc/name/52094 830 0$aNuova biblioteca Dedalo ;$v195.$0(OLS)http://semarc/title/12612 850 $aSeMil 852 $aSeMil$W1$xVenegono$y1$m3N II 529$j79837$B79837$CSeMilBibl$Z2$F107073 $81 941 1 $a4 961 $aOmaggio: Martini Card. Carlo Maria 996 $6020$a88-220-6195-0$9(OLS)http://semarc/number/111297 996 $6245$aLa democrazia diretta :$bun progetto politico per la societą di giustizia$9(OLS)http://semarc/title/184636 996 $6260$aBari :$bDedalo$9(OLS)http://semarc/publisher/30763